Synthesis of some oxygenated flavones and studies of their Biological Activities / (Record no. 80713)
[ view plain ]
| 000 -LEADER | |
|---|---|
| fixed length control field | 00893nam a22002417a 4500 |
| 001 - CONTROL NUMBER | |
| RUCL Control Number | 80713 |
| 003 - CONTROL NUMBER IDENTIFIER | |
| rucl marc code | BD-RjUL |
| 005 - DATE AND TIME OF LATEST TRANSACTION | |
| control field | 20221103175007.0 |
| 008 - FIXED-LENGTH DATA ELEMENTS--GENERAL INFORMATION | |
| fixed length control field | 221103s2003 bg a|||| m||| 00| 0 eng d |
| 035 ## - SYSTEM CONTROL NUMBER | |
| system control number | (BD-RjUL)80713 |
| 040 ## - CATALOGING SOURCE | |
| Original cataloging agency | BD-RjUL |
| Language of cataloging | eng |
| Transcribing agency | BD-RjUL |
| Modifying agency | BD-RjUL |
| 041 ## - LANGUAGE CODE | |
| Language code of Book | eng |
| 082 ## - DEWEY DECIMAL CLASSIFICATION NUMBER | |
| DDC Edition number | 23 |
| Classification number | 546.721 |
| Author mark and Year | ALS 2003 |
| 100 ## - MAIN ENTRY--PERSONAL NAME | |
| Personal name | Alam, Mohammad. Sayed |
| 9 (RLIN) | 5710 |
| 245 10 - TITLE STATEMENT | |
| Title | Synthesis of some oxygenated flavones and studies of their Biological Activities / |
| Statement of responsibility, etc | Submitted By Mohammad. Sayed Alam ; |
| Name of Supervisor/Co-Supervisor | Supervisor : M. A. Jalil Miah |
| 260 ## - PUBLICATION, DISTRIBUTION, ETC. (IMPRINT) | |
| Place of publication, distribution, etc | Rajshahi : |
| Name of publisher, distributor, etc | Department of Chemistry, University of Rajshahi, |
| Date of publication, distribution, etc | 2003 |
| 300 ## - PHYSICAL DESCRIPTION | |
| Pagination | [10], 188 leaves : |
| Other physical details | ill, ; |
| Dimensions | 29.cm. |
| 502 ## - DISSERTATION NOTE | |
| Dissertation note | Thesis (M. Phil.) -- Department of Chemistry, University of Rajshahi, 2003 |
| 504 ## - BIBLIOGRAPHY, ETC. NOTE | |
| Bibliography, etc | References : Leaves 94 - 97 |
| 650 ## - SUBJECT ADDED ENTRY--TOPICAL TERM | |
| Topical term or geographic name as entry element | Oxygen |
| 700 ## - ADDED ENTRY--SUPERVISOR/CO-SUPERVISOR NAME | |
| Personal name | Miah, M. A. Jalil, Supervisor |
| 9 (RLIN) | 5711 |
| 942 ## - ADDED ENTRY ELEMENTS (KOHA) | |
| Source of classification or shelving scheme | Dewey Decimal Classification |
| Koha item type | Theses |
| Source of classification or shelving scheme | Damaged status | Not for loan | Collection code | Permanent Location | Current Location | Shelving location | Date of accession | Source of acquisition | Total Checkouts | Full call number | Barcode | Date last seen | Copy number | Thesis |
|---|---|---|---|---|---|---|---|---|---|---|---|---|---|---|
| Dewey Decimal Classification | Not For Loan | Theses | Central Library, University of Rajshahi | Central Library, University of Rajshahi | Documentation Section | 18/04/2004 | Controller of Exam. R.U. | THE 546.721 ALS 2003 | D2229 | 03/11/2022 | C-1 | Theses |